000 00608nmm a2200193Ia 4500
008 251105s9999||||xx |||||||||||||||||und||
020 _a9788427721005
041 _aspa
100 _aVázquez-Cano, Esteban
245 0 _aDispositivos digitales móviles en educación : El aprendizaje ubicuo
264 _a[Madrid, España] :
_bNarcea Ediciones,
_c2015
300 _a168 páginas
490 _aEducación hoy estudios
650 _aEducation
700 _aVázquez-Cano, Esteban
700 1 _a Sevillano, Mª Luisa (Edits.)
856 _uhttps://public.digitaliapublishing.com/a/40860
942 _cCF
999 _c72303
_d72303